Anna Karenina / (Record no. 165832)

MARC details
000 -LEADER
fixed length control field 00690nam a22002057a 4500
005 - DATE AND TIME OF LATEST TRANSACTION
control field 20190710155914.0
010 ## - LCCN (DPL NO)
LC control number B-728412
020 ## - INTERNATIONAL STANDARD BOOK NUMBER
International Standard Book Number 9788175993426
Terms of availability 299.00
035 ## - SYSTEM CONTROL NUMBER
System control number B-728412
037 ## - SOURCE OF ACQUISITION
Source of stock number/acquisition RK Books
082 ## - DEWEY DECIMAL CLASSIFICATION NUMBER
Classification number N
100 ## - MAIN ENTRY--PERSONAL NAME
Personal name Tolstoy,Leo
245 ## - TITLE STATEMENT
Title Anna Karenina /
Statement of responsibility, etc by Leo Tolstoy ; translated by Constance Garnett
260 ## - PUBLICATION, DISTRIBUTION, ETC. (IMPRINT)
Place of publication, distribution, etc New Delhi
Name of publisher, distributor, etc Classics
Date of publication, distribution, etc 2018
270 ## - ADDRESS
Address 113/A, Daryaganj
City New Delhi
Postal code 110002
300 ## - PHYSICAL DESCRIPTION
Extent 760p.
Dimensions 21cm(pbk)
700 ## - ADDED ENTRY--PERSONAL NAME
Personal name Garnett, Constance
942 ## - ADDED ENTRY ELEMENTS (KOHA)
Source of classification or shelving scheme Dewey Decimal Classification
Item type English Books
Classification part N
Call number suffix TOL
Holdings
Withdrawn status Lost status Not for loan Collection code Home library Current library Date acquired Source of acquisition Cost, normal purchase price Full call number Barcode Copy number Cost, replacement price Koha item type Public note
      Fiction Kadipur Kadipur 03/07/2019 RK Books/IN569/2019-20/17.06.2019/09/06.06.2019/28.06.2019 299.00 N TOL B-728412 1 299.00 English Books Spl. power

© Delhi Public Library
Hit Counter
free hit counter